000 01442cam a22004097a 4500
003 CHAP
005 20220329142344.0
008 000920d2000 mx r 00110 spa d
010 _a82281
011 _a83253
035 _a93764
040 _cCHAP
090 _aTesis
100 0 0 _aVilla Iturbe, Isaias.
_9119361
245 1 0 _aPerspectivas de maíz, sorgo y trigo en el marco de la globalización
_c/por Isaias Villa Iturbe
260 _aChapingo, Méx. :
_bEl autor,
_c2000.
300 _a127 h. ;
_bgráfs.
502 _aTesis (Lic. en Economía Agrícola) -- UACH. División de Ciencias Económico-Administrativas
590 _aALEPH
_b10
_c20130110
_lUCH01
_h1437
590 _aBATCH-UPD
_b10
_c20130110
_lUCH01
_h0505
590 _aBATCH-UPD
_b10
_c20130410
_lUCH01
_h0143
590 _aBATCH-UPD
_b10
_c20130410
_lUCH01
_h1620
590 _aBATCH-UPD
_b10
_c20130914
_lUCH01
_h1545
590 _aCONVERSION
_b10
_c20130109
_lUCH01
_h1346
650 1 4 _aGlobalización.
_948300
650 1 4 _aMaíz
_xImportación.
_970979
650 1 4 _aMaíz
_xMercadeo.
_971007
650 1 4 _aProductos agrícolas
_xImportación.
_991948
650 1 4 _aProductos agrícolas
_xPrecios.
_992004
650 1 4 _aSorgo
_xMercadeo.
_9108695
650 1 4 _aTrigo
_xMercadeo.
_9115058
901 _aBK
905 _aMayto Villalobos S.
942 _cFOLL
949 _bBC
_cTES
_d33724000794350
_eTS2
_h36952
_i93764
_si
949 _bBC
_cTES
_d937641
_eTS1
_h36951
_i93764
_sb
999 _c82281
_d82281